Indian and the EEC (Record no. 347255)

000 -LEADER
fixed length control field 00508cam a22001697a 4500
008 - FIXED-LENGTH DATA ELEMENTS--GENERAL INFORMATION
fixed length control field 180718b1984 xxu||||| |||| 00| 0 eng d
082 ## - DEWEY DECIMAL CLASSIFICATION NUMBER
Classification number T39 L154i
245 ## - TITLE STATEMENT
Title Indian and the EEC
Statement of responsibility, etc. edited by K.B. Lall, Wolfgang Ernst and H.S. Chopra
260 ## - PUBLICATION, DISTRIBUTION, ETC.
Place of publication, distribution, etc. New Delhi
Name of publisher, distributor, etc. Allied
Date of publication, distribution, etc. 1984
300 ## - PHYSICAL DESCRIPTION
Extent 238p.
650 ## - SUBJECT ADDED ENTRY--TOPICAL TERM
Topical term or geographic name entry element European Economic Community
650 ## - SUBJECT ADDED ENTRY--TOPICAL TERM
Topical term or geographic name entry element International economic relations
650 ## - SUBJECT ADDED ENTRY--TOPICAL TERM
Topical term or geographic name entry element Foreign commerce - India
700 ## - ADDED ENTRY--PERSONAL NAME
Personal name Chopra, H.S.
700 ## - ADDED ENTRY--PERSONAL NAME
Personal name Ernst, Wolfgang
700 ## - ADDED ENTRY--PERSONAL NAME
Personal name Lall, K.B..
Holdings
Withdrawn status Lost status Damaged status Not for loan Permanent Location Current Location Date acquired Full call number Barcode Date last seen Price effective from Koha item type
        Indian Institute of Public Administration Indian Institute of Public Administration 1993-10-16 T39 L154i 60081 2018-07-21 2018-07-21 Book

Powered by Koha